01777cam a22003018i 4500001000500000005001700005020001800022040002300040050001500063082001000078100002700088245006800115250004600183260003700229300006000266505000800326520079100334521002001125521002001145650002201165650002001187650002201207700003201229906004501261942001501306999001501321952013901336313420240208104841.0 a9780545430012 aDLCbengerdacDLC00aPZ7.N4378200a813.61 aNesbitt, Kenneauthor.10aMore bears! /cby Nesbitt, Kenn : illustrated by Cummings, Troy aFirst Scholastic printing , December 2011 aNew York : bScholastic , c2010 a30 unnumbered pages : bcolor illustrations ;c21 cm .  aO  aOnce upon a time there was a story. It was a lovely story with absolutely NO BEARS in it-not a SINGLE BEAR anywhere. Then one day...MORE BEARS! KENN NESBITT is possibly the funniest and most sought-after children's poet writing today. When he's not writing, podcasting, updating his website (poetry4kids.com), or visiting schools sharing his wacky brand of humor with kids across America, Kenn can be found cuddling his collection of stuffed bears. He seriously cannot get enough of bears. Or chickens. TROY CUMMINGS has been drawing goofy animals pretty much nonstop since kindergarten. His illustrations have appeared in newspapers, in magazines, on websites, on frozen fish stick packages, and in hospital waiting rooms. He hibernates in Greencastle, Indiana, with his wife and cubs. a630 bLexile  aO bRaz-Plus  1aAuthorsvFiction. 1aBearsvFiction. 1aHumorous stories.1 aCummings, Troyeillustrator a7bcbccorignewd1eecipf20gy-gencatlg 2ddccBKn0 c3134d3134 00102ddc40708JUVFa001b001cTTPd2024-02-08l4oNES 813.6 PZ7.N43782pFISTK02687r2024-09-18 11:24:40s2024-09-11w2024-02-08yBK